00989nab a2200253uuc450000100070000000500170000700800410002403500110006503500210007604000130009704100080011010000410011824501150015965000340027465000430030865000390035165000220039065000250041270000470043777301610048485600610064594200100070699900190071697865220260209101150.0060609e20051231 spa  a978652 a(OCoLC)820352433 ccomduadb aspa10aVargas S, Fernando4auteaut930232110aCambios morfologicos y mortalidad en embriones y renacuajos de Agalychnis spurrelli Boulenger (Anura: Hylidae) aDesarrollo embrionario932728 7aMorfología (Zoología)2lemb922444 aRana : Agalychnis spurrelli960707 aRenacuajos925398 aMetamorfosis912931910aGutierrez C., Paul David4auteaut95510300 tActualidades Biológicas (Medellín)gVolumen 27, Número 083, Julio-Diciembre 2005, p. 189-202w(CO-MdUADB)6024x0304-3584036279971419o610000042210064 uhttps://bibliotecadigital.udea.edu.co/handle/10495/21207 cARIMP c394447d394447